Piosenki Kamerzysty - Statystyki

Ogólne statystyki
  • Ten quiz został rozwiązany 562 razy
  • Średni wynik to 6 z 9
Statystyki odpowiedzi
Ilość wyświetleń Tytuł piosenki % Poprawnych
9,4 mln Titanic
87%
11 mln Piękna i bestia
82%
5,7 mln Szare Bloki
76%
6 mln Pięć promili
71%
ok. 6 mln Venom
67%
3,9 mln HellBoy
62%
4,2 mln SUKA
60%
5,2 mln Mamy to coś
51%
3,2 mln DISS NA L DNO
35%
Nie znaleziono quizów pasujących do podanych kryteriów
Rozkład punktacji
Procent ludzi z każdym wynikiem
Percentyl według liczby udzielonych odpowiedzi
Twoja historia wyników
Nie rozwiązałeś tego quizu